| 000 | 00418 a2200145 4500 | ||
|---|---|---|---|
| 001 | 59252 | ||
| 020 | _a8574026808 | ||
| 040 | _cAnchieta - Pituba | ||
| 240 | 1 | 0 |
_aAntônio Carlos Gomes, José Pablo Moncayo, Heitor Villa-Lobos, Alberto Ginastera _lpor |
| 245 | 1 | 0 | _aAntônio Carlos Gomes, José Pablo Moncayo, Heitor Villa-Lobos, Alberto Ginastera |
| 300 | _a54 | ||
| 362 | 0 | _a2005 | |
| 650 | 4 | _aMúsica | |
| 942 | _cBK | ||
| 999 |
_c59252 _d59252 |
||